[Event "4NCL/Div2/POI-WIT"]
[Site "Rd8-Birmingham"]
[Date "2000.03.26"]
[Round "8.4"]
[White "Haydon, Richard"]
[Black "Byway, Paul"]
[Result "1-0"]
[WhiteElo "2176"]
[BlackElo "2240"]
[PlyCount "75"]
[EventDate "2000.03.26"]

1. g3 d5 2. Nf3 Nf6 3. Bg2 Bf5 4. O-O e6 5. d3 h6 6. Nbd2 Be7 7. Ne5 O-O 8. e4
dxe4 9. dxe4 Bh7 10. Qe2 c6 11. Ndc4 Nbd7 12. Rd1 Qc8 13. Nxd7 Nxd7 14. Bf4 Nb6
15. Nd6 Bxd6 16. Bxd6 Re8 17. a4 a5 18. b3 Nd7 19. Rd2 Nf6 20. e5 Nd5 21. c4
Nb4 22. Rad1 c5 23. Qe3 b6 24. Bxa8 Qxa8 25. Bc7 Nc2 26. Qf4 Nd4 27. Rxd4 cxd4
28. Rxd4 Qc6 29. Bd6 Bc2 30. Qe3 Bf5 31. f3 Bg6 32. Kf2 Rc8 33. g4 Rd8 34. h4
Re8 35. h5 Bh7 36. g5 hxg5 37. Qxg5 Bc2 38. Rg4 1-0

[Event "4NCL/Div2/POI-WIT"]
[Site "Rd8-Birmingham"]
[Date "2000.03.26"]
[Round "8.5"]
[White "Rosen, Daniel"]
[Black "Hackett, David"]
[Result "1-0"]
[WhiteElo "2239"]
[BlackElo "2193"]
[PlyCount "55"]
[EventDate "2000.03.26"]

1. e4 e6 2. d4 d5 3. Nc3 Bb4 4. Nge2 dxe4 5. a3 Be7 6. Nxe4 Nc6 7. Bf4 Nf6 8.
Qd3 Nxe4 9. Qxe4 O-O 10. O-O-O Bg5 11. h4 Bxf4+ 12. Nxf4 Qe7 13. Bb5 Nd8 14.
Bd3 f5 15. Qe3 Qf6 16. Bc4 Kh8 17. g3 c6 18. Rhe1 b5 19. Bb3 a5 20. Qe5 b4 21.
Qxf6 Rxf6 22. axb4 axb4 23. d5 Rf8 24. dxe6 Nxe6 25. Bxe6 Ra1+ 26. Kd2 Rd8+ 27.
Nd3 Rxd1+ 28. Kxd1 1-0

[Event "4NCL/Div2/POI-WIT"]
[Site "Rd8-Birmingham"]
[Date "2000.03.26"]
[Round "8.6"]
[White "Hannon, Mark"]
[Black "Moore, Gerald"]
[Result "0-1"]
[WhiteElo "2096"]
[BlackElo "2202"]
[PlyCount "74"]
[EventDate "2000.03.26"]

1. d4 Nf6 2. c4 g6 3. Nc3 d5 4. cxd5 Nxd5 5. e4 Nxc3 6. bxc3 Bg7 7. Bc4 O-O 8.
Ne2 Nc6 9. Bg5 Na5 10. Bd3 c5 11. d5 Qc7 12. Bf4 Bxc3+ 13. Bd2 Bxd2+ 14. Qxd2
b6 15. h4 Qe5 16. Rc1 e6 17. f4 Qg7 18. d6 Bb7 19. Ng3 Rad8 20. e5 f6 21. Qe3
fxe5 22. fxe5 Nc6 23. h5 Qxe5 24. Ne4 Nb4 25. Bb1 Qf4 26. Qxf4 Rxf4 27. Ng5
Rxd6 28. hxg6 hxg6 29. Bxg6 Nd3+ 30. Bxd3 Rxd3 31. Rc2 Re3+ 32. Re2 Rxe2+ 33.
Kxe2 Rg4 34. Nh7 Rxg2+ 35. Ke3 Rg3+ 36. Kf2 Bxh1 37. Kxg3 Kxh7 0-1

[Event "4NCL/Div2/POI-WIT"]
[Site "Rd8-Birmingham"]
[Date "2000.03.26"]
[Round "8.7"]
[White "Ledger, Stephen"]
[Black "Elliott, Sean"]
[Result "1-0"]
[WhiteElo "2179"]
[BlackElo "2000"]
[PlyCount "109"]
[EventDate "2000.03.26"]

1. d4 Nf6 2. Nf3 g6 3. Bf4 Bg7 4. e3 d6 5. h3 O-O 6. Be2 b6 7. O-O Bb7 8. c4
Nbd7 9. Nc3 Ne4 10. Qc2 Nxc3 11. Qxc3 c5 12. Qd2 cxd4 13. exd4 d5 14. b3 Rc8
15. Rac1 Nf6 16. Rfd1 a6 17. Qb4 a5 18. Qa3 Re8 19. Ne5 dxc4 20. bxc4 Nd7 21.
Bf3 Bxf3 22. Qxf3 Nxe5 23. dxe5 Qc7 24. e6 Qc6 25. exf7+ Kxf7 26. Qb3 Kf8 27.
Rd3 e5 28. Be3 e4 29. Rd5 Re6 30. Rb5 Qd7 31. Rd1 Qf7 32. Bxb6 Rec6 33. c5 Qxb3
34. Rxb3 Kg8 35. Re1 Bd4 36. Rxe4 Bxc5 37. Bxa5 Bd6 38. g3 Rc2 39. a4 Bc5 40.
Rf3 Rf8 41. Rxf8+ Kxf8 42. Bb4 Bxb4 43. Rxb4 Ra2 44. Kg2 Kg7 45. h4 h6 46. Rf4
Ra3 47. Kh3 Kg8 48. h5 g5 49. Rf6 Kh7 50. Ra6 Rf3 51. Ra7+ Kg8 52. Kg2 Ra3 53.
a5 Kf8 54. Rh7 Rxa5 55. Rxh6 1-0

[Event "4NCL/Div2/POI-WIT"]
[Site "Rd8-Birmingham"]
[Date "2000.03.26"]
[Round "8.8"]
[White "Headlong, Fenella"]
[Black "Turvey, Syringa"]
[Result "1-0"]
[WhiteElo "1750"]
[BlackElo "1680"]
[PlyCount "85"]
[EventDate "2000.03.26"]

1. e4 c5 2. c3 Nf6 3. e5 Nd5 4. d4 e6 5. Nf3 Nb6 6. Bg5 f6 7. exf6 gxf6 8. Bh4
Bg7 9. dxc5 Nd5 10. Bc4 Ne7 11. Nbd2 O-O 12. Ne4 Ng6 13. Nd6 Nxh4 14. Nxh4 Nc6
15. Nhf5 Ne5 16. Bb3 Kh8 17. Nxg7 Kxg7 18. Bc2 f5 19. Qd4 Qf6 20. O-O-O Ng4 21.
Qxf6+ Kxf6 22. Rd2 Rd8 23. h3 Ne5 24. g4 Nf7 25. Nxf7 Kxf7 26. gxf5 e5 27. f6
Kxf6 28. Rd6+ Ke7 29. Rg1 Rf8 30. Rg7+ Kd8 31. Ba4 Rxf2 32. Bxd7 Bxd7 33.
Rdxd7+ Kc8 34. Rc7+ Kd8 35. Rgd7+ Ke8 36. Rxh7 b6 37. Rce7+ Kf8 38. Rxe5 Kg8
39. Reh5 Re8 40. Rh8+ Kf7 41. R5h7+ Kg6 42. Rxe8 Kxh7 43. Re7+ 1-0

[Event "4NCL/Div2/TWR-NID"]
[Site "Rd8-Birmingham"]
[Date "2000.03.26"]
[Round "8.1"]
[White "Gayson, Peter"]
[Black "Fish, Andrew"]
[Result "1/2-1/2"]
[WhiteElo "2241"]
[BlackElo "2116"]
[PlyCount "138"]
[EventDate "2000.03.26"]

1. e4 e6 2. d4 d5 3. Nd2 Nf6 4. e5 Nfd7 5. Bd3 c5 6. c3 Nc6 7. Ne2 cxd4 8. cxd4
f6 9. exf6 Qxf6 10. Nf3 h6 11. O-O Bd6 12. Be3 O-O 13. Nc3 Rf7 14. Rc1 Nf8 15.
Re1 g5 16. Qd2 Ng6 17. Bxg6 Qxg6 18. Nb5 Bb8 19. Ne5 Qh5 20. Qe2 Qxe2 21. Rxe2
Rf8 22. Nxc6 bxc6 23. Rxc6 Bd7 24. Rc5 a6 25. Nc7 Ra7 26. Rec2 Rf7 27. b3 Bxc7
28. Rxc7 Rxc7 29. Rxc7 Bb5 30. Rc8+ Kg7 31. h3 Kf6 32. h4 Rg7 33. Rh8 Kg6 34.
g4 Be2 35. h5+ Kf7 36. Rxh6 Bxg4 37. Rh8 Rg8 38. Rxg8 Kxg8 39. h6 Kh7 40. Bxg5
Kg6 41. f4 Bf5 42. Kf2 Bb1 43. a3 Bc2 44. b4 Kh7 45. Ke3 Kg6 46. Kd2 Ba4 47.
f5+ exf5 48. Ke3 f4+ 49. Bxf4 Bc2 50. Kf3 Be4+ 51. Kg3 Bc2 52. Bd2 Bb3 53. Be3
Bc2 54. Kf4 Kf6 55. Bf2 Bb3 56. Bh4+ Kg6 57. Bg5 Bc2 58. Kg4 Bd1+ 59. Kg3 Ba4
60. Kf3 Bd1+ 61. Ke3 Ba4 62. Kf4 Bc2 63. Ke5 Kxg5 64. a4 Kxh6 65. a5 Ba4 66.
Kxd5 Kg7 67. Kd6 Kf8 68. d5 Ke8 69. b5 Bxb5 1/2-1/2

[Event "4NCL/Div2/TWR-NID"]
[Site "Rd8-Birmingham"]
[Date "2000.03.26"]
[Round "8.2"]
[White "Johnston, Dafydd"]
[Black "Burnett, Jim"]
[Result "1-0"]
[WhiteElo "2170"]
[BlackElo "2215"]
[PlyCount "87"]
[EventDate "2000.03.26"]

1. e4 d5 2. exd5 Qxd5 3. Nc3 Qa5 4. d4 Nf6 5. Nf3 c6 6. Bd2 Bf5 7. Bc4 e6 8.
Qe2 Bb4 9. O-O-O Nbd7 10. h3 O-O-O 11. a3 Bxc3 12. Bxc3 Qc7 13. Bd2 h6 14. Rhe1
Rhe8 15. Bd3 Bxd3 16. Qxd3 c5 17. dxc5 Nxc5 18. Qc4 Nd5 19. b4 Na4 20. Qxc7+
Nxc7 21. c4 Nb6 22. Ne5 f6 23. c5 fxe5 24. cxb6 axb6 25. Bc3 Rxd1+ 26. Kxd1 Nd5
27. Bxe5 g6 28. Kd2 Kd7 29. Bg7 h5 30. h4 Ra8 31. Bb2 Rf8 32. f3 Nf4 33. g3 Nd5
34. Ke2 Rc8 35. Kd3 Rf8 36. Ke4 Rc8 37. Rc1 Rxc1 38. Bxc1 b5 39. Kd4 Kc6 40.
Ke5 Kd7 41. Bg5 Nc3 42. Kf6 Ne2 43. g4 Nd4 44. Kxg6 1-0

[Event "4NCL/Div2/TWR-NID"]
[Site "Rd8-Birmingham"]
[Date "2000.03.26"]
[Round "8.3"]
[White "Townsend, Paul"]
[Black "Jones, Richard S"]
[Result "1-0"]
[WhiteElo "2224"]
[BlackElo "2076"]
[PlyCount "80"]
[EventDate "2000.03.26"]

1. d4 g6 2. e4 Nf6 3. e5 Nh5 4. Be2 d6 5. f4 Ng7 6. Be3 h5 7. Nc3 Bf5 8. Nf3 e6
9. O-O Nd7 10. Qd2 Be7 11. d5 O-O 12. Rad1 Nb6 13. exd6 Bxd6 14. dxe6 Bxe6 15.
Ng5 Bc4 16. Nce4 Nf5 17. Bxb6 Bxe2 18. Qxe2 axb6 19. Qf3 Qe7 20. Rfe1 Bc5+ 21.
Kh1 Bd4 22. Ng3 Nxg3+ 23. hxg3 Qc5 24. Ne4 Qa5 25. b4 Qxb4 26. c3 Bxc3 27. Nxc3
Ra3 28. Re3 Qc5 29. Rde1 Qc4 30. f5 c6 31. Ne4 Rxe3 32. Qxe3 Qb4 33. Qh6 Qxe1+
34. Kh2 f6 35. fxg6 Rf7 36. gxf7+ Kxf7 37. Qxf6+ Ke8 38. Qe5+ Kf8 39. Qf5+ Ke7
40. Qf6+ Ke8 1-0

[Event "4NCL/Div2/TWR-NID"]
[Site "Rd8-Birmingham"]
[Date "2000.03.26"]
[Round "8.4"]
[White "Gandy, Andrew"]
[Black "Waters, Clive"]
[Result "0-1"]
[WhiteElo "2085"]
[BlackElo "2180"]
[PlyCount "90"]
[EventDate "2000.03.26"]

1. d4 d5 2. c4 dxc4 3. e4 Nf6 4. e5 Nd5 5. Bxc4 Nb6 6. Bd3 Nc6 7. Be3 Be6 8.
Nc3 Bd5 9. Nf3 e6 10. O-O Be7 11. Rc1 Bc4 12. Qe2 Bxd3 13. Qxd3 Nb4 14. Qe4
N4d5 15. Qg4 Rg8 16. Bg5 Qd7 17. Bxe7 Qxe7 18. Nxd5 Nxd5 19. Rc5 O-O-O 20. Rfc1
Kb8 21. Qe4 c6 22. b4 f5 23. Qb1 Rd7 24. a4 g5 25. b5 cxb5 26. Qxb5 g4 27. Nd2
Rc7 28. Rxc7 Nxc7 29. Qc4 Qd7 30. Nb3 Na6 31. Rb1 Rd8 32. Na5 Rc8 33. Qb3 b6
34. g3 Nc7 35. Nc4 Qxd4 36. Rd1 Qc5 37. a5 Nd5 38. Nd6 Qc2 39. Rb1 Qxb3 40.
Rxb3 Rc1+ 41. Kg2 Re1 42. axb6 axb6 43. h3 h5 44. hxg4 hxg4 45. Rb5 Rxe5 0-1

[Event "4NCL/Div2/TWR-NID"]
[Site "Rd8-Birmingham"]
[Date "2000.03.26"]
[Round "8.5"]
[White "Raoof, Adam"]
[Black "Tabatabai, John"]
[Result "1-0"]
[WhiteElo "2145"]
[BlackElo "2006"]
[PlyCount "103"]
[EventDate "2000.03.26"]

1. b3 e5 2. Bb2 d6 3. e3 g6 4. c4 Bg7 5. d4 Nc6 6. Nf3 f5 7. dxe5 Nxe5 8. Nc3
Ne7 9. Be2 O-O 10. Qd2 a6 11. O-O Kh8 12. Rfd1 Be6 13. Rac1 N7c6 14. Nd5 Ne7
15. Bc3 Rc8 16. Qb2 Nxd5 17. cxd5 Bg8 18. Nxe5 dxe5 19. Bxe5 Qe7 20. Bxg7+ Qxg7
21. Qxg7+ Kxg7 22. Bf3 Rfd8 23. Rd4 Rd7 24. g3 Rcd8 25. h4 Kf6 26. Rc5 b6 27.
Rc6+ Rd6 28. Rxc7 Bxd5 29. Bxd5 Rxd5 30. Rc6+ Kf7 31. Rxd5 Rxd5 32. Rxb6 a5 33.
a4 Rd7 34. Rb5 Ra7 35. Kg2 Kf6 36. Kf3 Ra6 37. g4 fxg4+ 38. Kxg4 h6 39. f4 Ra7
40. e4 Ra6 41. Kf3 Ke6 42. Ke3 Ke7 43. e5 Kd7 44. Ke4 Ke6 45. Rd5 Rb6 46. Rd6+
Rxd6 47. exd6 Kxd6 48. Kd4 Kc6 49. Kc4 Kb6 50. b4 axb4 51. Kxb4 Ka6 52. a5 1-0

[Event "4NCL/Div2/TWR-NID"]
[Site "Rd8-Birmingham"]
[Date "2000.03.26"]
[Round "8.6"]
[White "Musson, Adam"]
[Black "Jones, Gawain"]
[Result "0-1"]
[WhiteElo "2077"]
[BlackElo "2160"]
[PlyCount "64"]
[EventDate "2000.03.26"]

1. e4 c5 2. Nf3 d6 3. d4 cxd4 4. Nxd4 Nf6 5. Nc3 g6 6. Be3 Bg7 7. f3 O-O 8. Qd2
Nc6 9. O-O-O d5 10. Qe1 e6 11. Bb5 Bd7 12. Nb3 a6 13. Bxc6 bxc6 14. e5 Ne8 15.
f4 f6 16. Bd4 fxe5 17. Bxe5 Bxe5 18. Qxe5 Rf5 19. Qe3 Nd6 20. g4 Nc4 21. Qg3
Rf7 22. Nd4 Qf8 23. Nce2 Rb8 24. Nb3 a5 25. h4 a4 26. Nd2 Nxb2 27. Rdf1 Qg7 28.
Nc3 c5 29. h5 c4 30. g5 Nd3+ 31. Kd1 Qxc3 32. cxd3 cxd3 0-1

[Event "4NCL/Div2/TWR-NID"]
[Site "Rd8-Birmingham"]
[Date "2000.03.26"]
[Round "8.7"]
[White "Mitchell, Gareth"]
[Black "Downey, Kevin"]
[Result "1/2-1/2"]
[WhiteElo "1568"]
[BlackElo "1926"]
[PlyCount "93"]
[EventDate "2000.03.26"]

1. e4 c5 2. Nf3 Nc6 3. Bb5 g6 4. Bxc6 dxc6 5. d3 Bg7 6. Nc3 Nf6 7. Bf4 Bg4 8.
O-O O-O 9. h3 Bxf3 10. Qxf3 Ne8 11. e5 Nc7 12. Rfe1 Ne6 13. Bg3 Nd4 14. Qd1 Qd7
15. Ne2 Nf5 16. Bf4 Rad8 17. Ng3 Nd4 18. Qd2 Qd5 19. Nf1 Ne6 20. Bh6 b6 21.
Bxg7 Kxg7 22. b3 Nd4 23. Rac1 a5 24. Ng3 h6 25. Qf4 a4 26. Ne2 Nxe2+ 27. Rxe2
axb3 28. axb3 Ra8 29. Qe4 Ra2 30. Qxd5 cxd5 31. Kf1 Rfa8 32. Rb1 b5 33. Ke1 Ra1
34. Rxa1 Rxa1+ 35. Kd2 g5 36. g4 d4 37. Re1 Rxe1 38. Kxe1 f6 39. exf6+ Kxf6 40.
Ke2 Ke5 41. Kf3 Kd5 42. Ke2 Kd6 43. Kf3 Ke5 44. Kg3 e6 45. Kf3 Kd5 46. Ke2 c4
47. b4 1/2-1/2

[Event "4NCL/Div2/TWR-NID"]
[Site "Rd8-Birmingham"]
[Date "2000.03.26"]
[Round "8.8"]
[White "Wilson, Julie"]
[Black "Barnes, Lara"]
[Result "1/2-1/2"]
[WhiteElo "1685"]
[BlackElo "1640"]
[PlyCount "56"]
[EventDate "2000.03.26"]

1. d4 Nf6 2. c4 g6 3. Nc3 d5 4. cxd5 Nxd5 5. e4 Nxc3 6. bxc3 Bg7 7. Bc4 O-O 8.
Ne2 c5 9. O-O Nc6 10. Be3 Bg4 11. f3 cxd4 12. cxd4 Na5 13. Bd3 Bd7 14. Rb1 b6
15. d5 Rc8 16. Ba6 Rc7 17. Bf4 Rc5 18. Qd3 Bc8 19. Bb5 Nb7 20. Nd4 e5 21. Nc6
Rxc6 22. dxc6 Qxd3 23. Bxd3 Nc5 24. Bxe5 Bxe5 25. Bc4 Kg7 26. g3 g5 27. Bd5 Ba6
28. Rfe1 Nd3 1/2-1/2

[Event "4NCL/Div2/SWD-PP"]
[Site "Rd9-Birmingham"]
[Date "2000.04.29"]
[Round "9.1"]
[White "Cobb, James"]
[Black "Lalic, Bogdan"]
[Result "0-1"]
[WhiteElo "2369"]
[BlackElo "2548"]
[PlyCount "64"]
[EventDate "2000.04.29"]

1. Nf3 e6 2. d4 c5 3. e3 Nf6 4. Bd3 d5 5. c3 Nc6 6. O-O Bd6 7. Nbd2 O-O 8. e4
cxd4 9. cxd4 Nb4 10. Bb1 dxe4 11. Nxe4 Be7 12. Nxf6+ Bxf6 13. a3 Nd5 14. Qd3 g6
15. Bh6 Bg7 16. Bg5 Qd6 17. Re1 b6 18. Ne5 Bb7 19. Qh3 Rac8 20. Be4 Rc7 21.
Rad1 Rfc8 22. Bh6 Nf6 23. Bb1 Bd5 24. Bf4 Nh5 25. Bd2 a5 26. f4 Bb7 27. Be3 Nf6
28. Bf2 Qd5 29. Bh4 Qb5 30. Bxf6 Bxf6 31. Ba2 Bxe5 32. fxe5 Qxb2 0-1

[Event "4NCL/Div2/SWD-PP"]
[Site "Rd9-Birmingham"]
[Date "2000.04.29"]
[Round "9.2"]
[White "Shaw, John"]
[Black "Zeidler, Sven"]
[Result "1-0"]
[WhiteElo "2392"]
[BlackElo "2235"]
[PlyCount "81"]
[EventDate "2000.04.29"]

1. e4 d5 2. exd5 Qxd5 3. Nc3 Qa5 4. d4 Nf6 5. Nf3 Bg4 6. h3 Bh5 7. g4 Bg6 8.
Ne5 e6 9. Bg2 c6 10. h4 Nbd7 11. Nxd7 Kxd7 12. Bd2 h6 13. g5 hxg5 14. hxg5
Rxh1+ 15. Bxh1 Ne8 16. d5 cxd5 17. Nxd5 Qa4 18. Nf4 Bxc2 19. Qe2 Nd6 20. g6 e5
21. Nd3 Bxd3 22. Qxd3 f5 23. Bxb7 Rb8 24. Bd5 Rxb2 25. Rc1 Qd4 26. Qxd4 exd4
27. Bf4 Be7 28. Be5 Bg5 29. Rd1 Nb5 30. Bxg7 Nc3 31. Bxd4 Bd2+ 32. Kf1 Rb8 33.
Be5 Nxd1 34. Bxb8 Bc3 35. Ke2 Nb2 36. f4 Na4 37. Bxa7 Bg7 38. Kd3 Kd6 39. Bb3
Nb2+ 40. Kc2 Kc6 41. Bb8 1-0

[Event "4NCL/Div2/SWD-PP"]
[Site "Rd9-Birmingham"]
[Date "2000.04.29"]
[Round "9.3"]
[White "James, David J"]
[Black "Swanson, Stephen"]
[Result "1-0"]
[WhiteElo "2238"]
[BlackElo "2283"]
[PlyCount "73"]
[EventDate "2000.04.29"]

1. d4 d6 2. e4 g6 3. c4 Bg7 4. Nc3 Nc6 5. Be3 e5 6. Nge2 exd4 7. Nxd4 Nge7 8.
Be2 O-O 9. O-O Bd7 10. Qd2 a5 11. Rad1 a4 12. Ndb5 b6 13. Nd5 Nxd5 14. cxd5 Ne5
15. Rc1 Bxb5 16. Bxb5 Ra5 17. Qe2 f5 18. exf5 gxf5 19. Bd2 Ra7 20. f4 Ng4 21.
Bc3 Rf7 22. Rfe1 Qh4 23. h3 Bxc3 24. Rxc3 Nf6 25. Qe6 Kg7 26. Be8 Nxe8 27. Qxe8
Ra8 28. Qe3 a3 29. b4 Ra4 30. Qd4+ Qf6 31. Rg3+ Kf8 32. Qc4 Re7 33. Rge3 Rxe3
34. Rxe3 Qf7 35. Qd4 Kg8 36. Rg3+ Kf8 37. Qh8+ 1-0

[Event "4NCL/Div2/SWD-PP"]
[Site "Rd9-Birmingham"]
[Date "2000.04.29"]
[Round "9.4"]
[White "Rosen, Daniel"]
[Black "Richmond, Peter"]
[Result "0-1"]
[WhiteElo "2239"]
[BlackElo "2202"]
[PlyCount "82"]
[EventDate "2000.04.29"]

1. e4 c5 2. f4 e6 3. Nf3 Nf6 4. Nc3 d5 5. e5 Nfd7 6. d4 Nc6 7. Ne2 cxd4 8.
Nexd4 Nxd4 9. Nxd4 Bc5 10. c3 a5 11. Be3 Qb6 12. Qd2 f6 13. exf6 Nxf6 14. Bd3
O-O 15. h3 Bd7 16. O-O Rae8 17. Rae1 e5 18. fxe5 Rxe5 19. Bf2 Ne4 20. Bxe4 dxe4
21. Be3 Rxf1+ 22. Rxf1 Qg6 23. Kh2 Rd5 24. Qf2 h6 25. Qg3 Bd6 26. Bf4 Rg5 27.
Bxd6 Rxg3 28. Bxg3 e3 29. Re1 Qe4 30. a3 a4 31. Bd6 Be8 32. Kg1 Bf7 33. Bc5 Bd5
34. Re2 Bc4 35. Re1 e2 36. Nf3 Qc2 37. Bb4 Qxb2 38. Kf2 Qc2 39. Nd4 Qe4 40. g3
Bd5 41. Nxe2 Qf3+ 0-1

[Event "4NCL/Div2/SWD-PP"]
[Site "Rd9-Birmingham"]
[Date "2000.04.29"]
[Round "9.5"]
[White "Morris, Charles"]
[Black "Ledger, Stephen"]
[Result "0-1"]
[WhiteElo "2231"]
[BlackElo "2179"]
[PlyCount "130"]
[EventDate "2000.04.29"]

1. c4 e5 2. Nc3 Nc6 3. g3 g6 4. Bg2 Bg7 5. e3 d6 6. Nge2 Be6 7. b3 Qd7 8. Nd5
Bxd5 9. cxd5 Nb4 10. O-O Ne7 11. Nc3 f5 12. Ba3 a5 13. Rc1 Nd3 14. Rb1 b5 15.
Qe2 e4 16. f3 b4 17. fxe4 Nc5 18. exf5 Nxf5 19. Bh3 O-O 20. e4 Nxg3 21. Bxd7
Nxe2+ 22. Nxe2 Nxd7 23. Bb2 Rxf1+ 24. Kxf1 Bxb2 25. Rxb2 Rf8+ 26. Kg1 Nc5 27.
Ng3 Rf4 28. Rc2 Nxe4 29. Nxe4 Rxe4 30. Rxc7 Rd4 31. Rc2 Rxd5 32. Kf2 Rh5 33.
Rc6 Rxh2+ 34. Ke3 Kf7 35. Rxd6 Rh5 36. Ra6 Kg7 37. d4 Rf5 38. Ra7+ Kg8 39. Ke4
h5 40. d5 h4 41. d6 h3 42. d7 Rf8 43. Rc7 h2 44. Rc1 Rd8 45. Rh1 {(=)} Rxd7 46.
Rxh2 Kg7 47. Rc2 Re7+ 48. Kf4 Rf7+ 49. Kg4 Rf5 50. Rc7+ Kf6 51. Ra7 Rd5 52.
Ra6+ Ke5 53. Rxg6 Kd4 54. Kf4 Kc3 55. Ke4 Rd2 56. Rc6+ Kb2 57. Rc5 Kxa2 58.
Rxa5+ Kxb3 59. Ra8 Kb2 60. Ke3 Rd7 61. Rb8 b3 62. Rb6 Kc2 63. Rc6+ Kb1 64. Rb6
b2 65. Rb8 Ra7 0-1

[Event "4NCL/Div2/SWD-PP"]
[Site "Rd9-Birmingham"]
[Date "2000.04.29"]
[Round "9.6"]
[White "Walker, Martin"]
[Black "Saunders, John"]
[Result "1/2-1/2"]
[WhiteElo "2112"]
[BlackElo "2200"]
[PlyCount "46"]
[EventDate "2000.04.29"]

1. e4 c6 2. d4 d5 3. exd5 cxd5 4. c4 Nf6 5. Nc3 e6 6. Nf3 Be7 7. Bd3 O-O 8. O-O
dxc4 9. Bxc4 Nc6 10. Qe2 a6 11. Rd1 Nb4 12. a3 Nbd5 13. Ne5 Qd6 14. Ne4 Nxe4
15. Qxe4 b5 16. Bd3 f5 17. Qe2 Bb7 18. a4 Nb4 19. axb5 Qd5 20. Qf3 Nxd3 21.
Qxd5 Bxd5 22. Nxd3 axb5 23. Bd2 Bf6 1/2-1/2

[Event "4NCL/Div2/SWD-PP"]
[Site "Rd9-Birmingham"]
[Date "2000.04.29"]
[Round "9.7"]
[White "Cast, Abigail"]
[Black "Hansen, Hans"]
[Result "1/2-1/2"]
[WhiteElo "2133"]
[BlackElo "2056"]
[PlyCount "148"]
[EventDate "2000.04.29"]

1. d4 Nf6 2. Nf3 b6 3. Bg5 e6 4. Nbd2 Bb7 5. e4 h6 6. Bxf6 Qxf6 7. c3 g6 8. Bd3
Bg7 9. Qc2 Qe7 10. O-O d6 11. Rfe1 e5 12. dxe5 dxe5 13. a4 a5 14. Nf1 O-O 15.
Ne3 Nd7 16. Bc4 Nf6 17. Nd5 Nxd5 18. exd5 Rad8 19. Rad1 Kh8 20. Qe2 Qc5 21.
Nxe5 Rde8 22. b4 axb4 23. cxb4 Qxb4 24. f4 Kh7 25. Qc2 Qd6 26. Qc3 Re7 27. Re2
Rfe8 28. Bb5 Rd8 29. Qg3 Qc5+ 30. Qf2 Qxf2+ 31. Kxf2 Rxd5 32. Rc1 Bxe5 33. fxe5
c5 34. Rce1 Bc8 35. Re3 Kg7 36. Bc4 Rd4 37. Bb5 Be6 38. g3 Rc7 39. Rc3 Kf8 40.
Ree3 Rc8 41. Red3 Rcd8 42. Rxd4 Rxd4 43. Ke3 Rb4 44. Kf2 Rb2+ 45. Kg1 Rb1+ 46.
Kf2 Rb2+ 47. Kg1 Bf5 48. Bd3 Bxd3 49. Rxd3 Ra2 50. Rd6 Rxa4 51. Rxb6 Re4 52.
Rc6 Rxe5 53. Kf2 Ke7 54. g4 Re4 55. Kf3 Rc4 56. h4 Rc1 57. h5 gxh5 58. gxh5 f6
59. Ke4 c4 60. Rc7+ Ke6 61. Rc6+ Ke7 62. Rc7+ Kd6 63. Rh7 Kc5 64. Rxh6 Re1+ 65.
Kf5 Rf1+ 66. Kg6 f5 67. Rh8 f4 68. h6 Rg1+ 69. Kh5 c3 70. h7 Kd4 71. Rd8+ Ke3
72. Re8+ Kd2 73. h8=Q Rh1+ 74. Kg4 Rxh8 1/2-1/2

[Event "4NCL/Div2/PER-WES"]
[Site "Rd9-Birmingham"]
[Date "2000.04.29"]
[Round "9.1"]
[White "Corkett, Anthony"]
[Black "Hunt, Adam"]
[Result "1/2-1/2"]
[WhiteElo "2295"]
[BlackElo "2388"]
[PlyCount "78"]
[EventDate "2000.04.29"]

1. e4 c5 2. Nc3 Nc6 3. Bb5 Nd4 4. Nf3 Nxb5 5. Nxb5 d6 6. O-O Nf6 7. d4 cxd4 8.
Qxd4 a6 9. Nc3 Bg4 10. Bg5 Bxf3 11. gxf3 e6 12. Kh1 Be7 13. Rg1 h6 14. Be3 g5
15. Rad1 Qc7 16. a3 Qc6 17. Rd2 Rg8 18. Re2 Nd7 19. Qd1 O-O-O 20. Bd4 Ne5 21.
Ree1 f5 22. Qe2 Rgf8 23. Bxe5 dxe5 24. exf5 exf5 25. Qxe5 Qxf3+ 26. Rg2 Bf6 27.
Qe6+ Kb8 28. Re3 Qh5 29. Rd3 Bxc3 30. Rxc3 g4 31. Rg1 Rfe8 32. Qb6 f4 33. Qc7+
Ka8 34. Qxf4 Qd5+ 35. f3 h5 36. Rd3 Qc6 37. Rc3 Qd5 38. Rd3 Qc6 39. Rc3 Qd5
1/2-1/2

[Event "4NCL/Div2/PER-WES"]
[Site "Rd9-Birmingham"]
[Date "2000.04.29"]
[Round "9.2"]
[White "Mutton, Jonathan"]
[Black "Upton, Ian"]
[Result "0-1"]
[WhiteElo "2110"]
[BlackElo "2238"]
[PlyCount "106"]
[EventDate "2000.04.29"]

1. e4 e6 2. Qe2 c5 3. Nf3 Nc6 4. g3 g6 5. Bg2 Bg7 6. d3 d6 7. O-O Nge7 8. c3 b6
9. Rd1 Ba6 10. Nbd2 O-O 11. Rb1 Qd7 12. b4 Ne5 13. c4 cxb4 14. Rxb4 Nxf3+ 15.
Nxf3 Nc6 16. Rb1 d5 17. Ba3 Rfd8 18. e5 Rac8 19. cxd5 Qxd5 20. Bd6 Rxd6 21.
exd6 Qxd6 22. Qe4 Rd8 23. Qa4 Na5 24. Rbc1 Bf6 25. Nd2 Qd7 26. Qf4 Qd4 27. Ne4
Be5 28. Qe3 Qxe3 29. fxe3 Rxd3 30. Rxd3 Bxd3 31. Rc8+ Kg7 32. Ra8 a6 33. Nf2
Bc4 34. Bf1 Bxa2 35. Rxa6 Bc7 36. Ne4 Bd5 37. Nc3 Bb7 38. Ra7 Bb8 39. Rxb7 Nxb7
40. Na4 Bc7 41. Kf2 Kf6 42. Nc3 Nd6 43. Kf3 Ke5 44. Bd3 Nf5 45. Ne4 h6 46. Nf2
Kd6 47. Ne4+ Ke7 48. Nc3 Bd6 49. Na4 Bc5 50. g4 Nh4+ 51. Ke4 f5+ 52. gxf5 gxf5+
53. Kf4 Bd6# 0-1

[Event "4NCL/Div2/PER-WES"]
[Site "Rd9-Birmingham"]
[Date "2000.04.29"]
[Round "9.3"]
[White "Neil, David"]
[Black "Broomfield, Matthew"]
[Result "1-0"]
[WhiteElo "2244"]
[BlackElo "2166"]
[PlyCount "80"]
[EventDate "2000.04.29"]

1. e4 Nf6 2. Nc3 d5 3. e5 d4 4. exf6 dxc3 5. fxg7 cxd2+ 6. Qxd2 Qxd2+ 7. Bxd2
Bxg7 8. O-O-O Nc6 9. Bb5 Bd7 10. Nf3 O-O-O 11. Rhe1 e6 12. Ng5 Rdf8 13. f4 h6
14. Nf3 a6 15. Ba4 Rd8 16. Be3 Ne7 17. Bxd7+ Rxd7 18. Rxd7 Kxd7 19. Rd1+ Ke8
20. Rd3 Nf5 21. Bd2 h5 22. c4 c5 23. b4 Bd4 24. Nxd4 cxd4 25. Rh3 Rg8 26. g3
Ng7 27. Kc2 Ke7 28. Kd3 Rd8 29. f5 e5 30. Ke4 Kf6 31. g4 Ke7 32. gxh5 f6 33. h6
Ne8 34. c5 Nc7 35. Rg3 Ne6 36. fxe6 Kxe6 37. h7 f5+ 38. Kd3 e4+ 39. Kc4 e3 40.
Be1 d3 1-0

[Event "4NCL/Div2/PER-WES"]
[Site "Rd9-Birmingham"]
[Date "2000.04.29"]
[Round "9.4"]
[White "Hodge, David"]
[Black "Yeo, Michael"]
[Result "1/2-1/2"]
[WhiteElo "2117"]
[BlackElo "2198"]
[PlyCount "74"]
[EventDate "2000.04.29"]

1. e4 e5 2. Nf3 Nc6 3. Bc4 Nf6 4. d3 Bc5 5. O-O a6 6. c3 Ba7 7. Be3 O-O 8. Nbd2
d6 9. a4 Bg4 10. h3 Bh5 11. Re1 Re8 12. Nf1 d5 13. exd5 Nxd5 14. Bxa7 Rxa7 15.
Ng3 Bg6 16. d4 Nb6 17. Bd3 exd4 18. Rxe8+ Qxe8 19. Bxg6 hxg6 20. Nxd4 Ra8 21.
a5 {(=)} Nc4 22. Nxc6 Qxc6 23. b3 Nd6 24. c4 Re8 25. Qd4 Re6 26. Rd1 Qe8 27.
Kh2 Qe7 28. b4 Kh7 29. Rd3 f5 30. Re3 Rxe3 31. fxe3 Qe6 32. c5 Nb5 33. Qh4+ Kg8
34. e4 {(=)} fxe4 35. Nxe4 Qe5+ 36. Kh1 Qa1+ 37. Kh2 Qe5+ 1/2-1/2

[Event "4NCL/Div2/PER-WES"]
[Site "Rd9-Birmingham"]
[Date "2000.04.29"]
[Round "9.5"]
[White "Simons, Martin"]
[Black "Trent, Lawrence"]
[Result "1/2-1/2"]
[WhiteElo "2248"]
[BlackElo "2188"]
[PlyCount "65"]
[EventDate "2000.04.29"]

1. d4 Nf6 2. Nc3 c5 3. dxc5 Qa5 4. Nf3 g6 5. g3 Bg7 6. Bd2 Qxc5 7. Bg2 O-O 8.
O-O d6 9. Bg5 Qa5 10. Bxf6 Bxf6 11. Nd5 Nd7 12. Nxf6+ Nxf6 13. Nd4 Rb8 14. Qc1
Qh5 15. h4 Bd7 16. Qg5 Rfc8 17. Qxh5 Nxh5 18. c3 b5 19. a3 Nf6 20. Rfd1 Ng4 21.
Nc2 a5 22. Bh3 Ne5 23. Bxd7 Nxd7 24. Rd5 Nc5 25. Ne3 b4 26. axb4 axb4 27. Ra7
bxc3 28. bxc3 Kf8 29. Rd1 Rb2 30. Kf1 Ne4 31. c4 Rb3 32. Kg2 Rb2 33. Kf1 {(=)}
1/2-1/2

[Event "4NCL/Div2/PER-WES"]
[Site "Rd9-Birmingham"]
[Date "2000.04.29"]
[Round "9.6"]
[White "Frost, Nick"]
[Black "Willmoth, Robert"]
[Result "1-0"]
[WhiteElo "2109"]
[BlackElo "2215"]
[PlyCount "93"]
[EventDate "2000.04.29"]

1. e4 d6 2. Nc3 Nf6 3. g3 c6 4. Bg2 Nbd7 5. d3 e5 6. Nge2 Be7 7. O-O O-O 8. h3
b5 9. a3 Re8 10. Be3 Bb7 11. f4 d5 12. fxe5 Nxe5 13. Bf4 Ng6 14. e5 Nd7 15. d4
a5 16. Qd2 b4 17. Nd1 Qb6 18. Kh2 f6 19. axb4 Bxb4 20. c3 Bf8 21. exf6 Nxf6 22.
Nf2 Ba6 23. Rfe1 Bxe2 24. Rxe2 Rxe2 25. Qxe2 Nxf4 26. gxf4 Re8 27. Qd2 Bd6 28.
Nd3 Qc7 29. Ne5 c5 30. Re1 c4 31. Bf3 Rb8 32. Qg2 Rb5 33. Re2 Qb8 34. h4 Qc8
35. Qg5 h6 36. Qg6 Qe8 37. Qf5 Bxe5 38. fxe5 Qd7 39. Qf4 Ne8 40. Rf2 Qe7 41.
Bh5 Rb7 42. Qg3 Qe6 43. Qf3 Kh7 44. Bf7 Qe7 45. Qh5 Nc7 46. Rf6 Ne8 47. Rxh6+
1-0